| 000 | 01506nam a2200289 a 4500 | ||
|---|---|---|---|
| 999 |
_c328147 _d328147 |
||
| 003 | BLK | ||
| 005 | 20241205130924.0 | ||
| 008 | 181219b bu ||||| |||| 00| 0 bu d | ||
| 020 | _a978-954-07-4481-0 | ||
| 040 | _aBLK | ||
| 041 |
_aBUL _cBUL |
||
| 080 |
_aУчителска професия - Права и обществено положение, отговорност, условия на труд, организация на труда и др. _b37.08 _z37.08 |
||
| 080 |
_aОбразование и статут на учителите и преподавателите. Педагогическа етика - Квалификация на учителите, положение в професията и обществото. Вж и 174 _b371.13/.16 _z371.13/.16 |
||
| 100 |
_9293467 _aИванов, Стойко Ванчев _eпърви автор |
||
| 139 |
_aИванов, Стойко Ванчев _bИ 21 |
||
| 245 |
_aПсихология на професионално-педагогическото общуване _cСтойко Иванов |
||
| 257 | _aBGR | ||
| 260 |
_9209716 _aСофия _bУнив. изд. Св. Климент Охридски _c2018 |
||
| 300 |
_a336 с. _c24 см |
||
| 380 | _a3 | ||
| 504 | _aБиблиогр.: с. 326-335 | ||
| 650 | 0 |
_9245694 _aУчители - подготовка |
|
| 650 | 0 |
_9272682 _aУчители - психология |
|
| 852 | _cП 37.08/И 21 | ||
| 942 |
_cKNG _n0 _014 |
||
| 944 |
_k30531 _lЦветелина Шанова |
||